000 00393nam a2200181Ia 4500
005 20240823061217.0
008 240823s9999||||xx |||||||||||||| ||und||
041 _aTAMIL
082 _A781.642 Q9
100 _aG S S
245 0 _aNaadugalin Varalaru : Part-II
250 _a1st
260 _c2019
_bThe
500 _aYES
650 _aTamil
_bGeneral
942 _cBK
999 _c232976
_d232976